Statistiques concernant Phylogénie : Cetartiodactyla

Cliquez ici pour prendre le quiz!

Statistiques générales

  • Ce quiz a été pris 4 fois
  • Le résultat moyen est 10 sur 24

Statistiques - réponses

Ordre% Correct
Cervidés / Cervidae
100%
Suidés / Suidae
100%
Antilocapridés / Antilocapridae
75%
Bovidés / Bovidae
75%
Camélidés / Camelidae
75%
Giraffidés / Giraffidae
75%
Moschidés / Moschidae
75%
Tragulidés / Tragulidae
75%
Balénidés / Balaenidae
50%
Delphinidés / Delphinidae
50%
Hippopotamidés / Hippopotamidae
50%
Tayasuidés / Tayasuidae
50%
Balénoptéridés / Balaenopteridae
25%
Inidés / Iniidae
25%
Lipotidés / Lipotidae
25%
Monodontidae
25%
Platanistidés / Platanistidae
25%
Pontoporidés / Pontoporiidae
25%
Ziphiidés / Ziphiidae
25%
Cetotheriidae
0%
Eschrichtiidae
0%
Kogiidés / Kogiidae
0%
Phocoenidés / Phocoenidae
0%
Physétéridés / Physeteridae
0%

Distribution des résultats

Percentile par nombre de réponses

% des personnes avec chaque résultat

Votre développement - résultats

Vous n’avez pas pris ce quiz